| 000 | 00537nam a22001817a 4500 | ||
|---|---|---|---|
| 005 | 20251108164033.0 | ||
| 008 | 250721s9999 xx 000 0 ara d | ||
| 082 | 1 | 4 | _a341.0263/مرا |
| 100 | 1 | _aمراد، عبد الفتاح | |
| 245 | 1 | 0 | _aالإتفاقيات الدولية الكبرى / |
| 264 | 1 |
_aالقاهرة : _bالمؤلف، _c[19-]. |
|
| 300 | _a558ص | ||
| 650 | 1 | 7 | _aالقانون الدولي |
| 650 | 1 | 7 | _aالمعاهدات |
| 650 | 1 | 7 | _aالإتفاقيات الدولية |
| 942 |
_2ddc _cBK |
||
| 999 |
_c2022 _d2022 |
||